000 01489nam a2200289 a 4500
001 40331
003 BD-RjUL
005 20211209053208.0
008 160428s1960 pk ||||| |||| 00| 0dben d
020 _c: PRs. 3.75
035 _a(BD-RjUL) 40446
040 _aBD-RjUL
_bben
_cBD-RjUL
041 _aben
082 _223
_a297.64
_bBAN 1960
100 1 _aবরকতুল্লাহ্ , মোহম্মদ
_9237546
245 1 0 _aনবীগৃহ সংবাদ :
_b(হযরৎ রসুল ও বিবি খদিজার জীবন বৃত্তান্ত ও ইসলামের ক্রমবিকাশ) : মক্কা খণ্ড /
_cমোহম্মদ বরকতুল্লাহ্
246 _aনবীগৃহ সংবাদ :
_bমক্কা খণ্ড : (হযরৎ রসুল ও বিবি খদিজার জীবন বৃত্তান্ত ও ইসলামের ক্রমবিকাশ)
250 _a১ম সং
260 _aঢাকা :
_bগ্রেট ইস্ট লাইব্রেরী,
_c১৯৬০
300 _a[৮], ২৯৫ পৃ. ;
_c১৯ সেমি.
505 0 _aমক্কা খণ্ড --
600 _aহযরত মুহাম্মদ (সা.)
_xজীবনী
_9237547
600 _aHazrat Muhammad (SM)
_xBiography
_9237548
650 _aইসলাম
_vইতিহাস
_9124252
650 _aIslam
_vHistory
_9124253
942 _2ddc
_cBK
999 _c40331
_d40331